[Event "FRA-ch U12"]
[Site "Le Grand Bornand"]
[Date "2007.04.??"]
[Round "5"]
[White "Herrmann, Philippe"]
[Black "Bellahcene, Bilel"]
[Result "1/2-1/2"]
[WhiteElo "1610"]
[BlackElo "1660"]
[PlyCount "51"]
[EventDate "2007.04.07"]
[EventType "swiss"]
[EventRounds "9"]
[EventCountry "FRA"]
[SourceTitle "CBM 118 Extra"]
[Source "ChessBase"]
[SourceDate "2007.07.04"]
[SourceVersion "1"]
[SourceVersionDate "2007.07.04"]
[SourceQuality "1"]

1. d4 Nf6 2. c4 e6 3. Nf3 b6 4. e3 Bb7 5. Bd3 Be7 6. 0-0 0-0 7. Bd2 d5 8. Nc3 Nbd7 9. Rc1 c5 10. Re1 cxd4 11. exd4 Re8 12. a3 Nf8 13. Ne2 dxc4 14. Bxc4 Ng6 15. Ne5 Nxe5 16. dxe5 Ne4 17. Be3 Bc5 18. Qxd8 Rexd8 19. Bxc5 Nxc5 20. Nc3 a6 21. b4 Nd3 22. Bxd3 Rxd3 23. Red1 Rad8 24. Rxd3 Rxd3 25. Rd1 Rxd1+ 26. Nxd1 1/2-1/2

[Event "FRA-ch U12"]
[Site "Le Grand Bornand"]
[Date "2007.04.??"]
[Round "3"]
[White "Herrmann, Philippe"]
[Black "Cogan, Nicolas"]
[Result "1-0"]
[WhiteElo "1610"]
[BlackElo "1740"]
[PlyCount "61"]
[EventDate "2007.04.07"]
[EventType "swiss"]
[EventRounds "9"]
[EventCountry "FRA"]
[SourceTitle "CBM 118 Extra"]
[Source "ChessBase"]
[SourceDate "2007.07.04"]
[SourceVersion "1"]
[SourceVersionDate "2007.07.04"]
[SourceQuality "1"]

1. c4 e5 2. Nc3 Nf6 3. e3 d5 4. d4 exd4 5. exd4 Nc6 6. c5 g6 7. Nf3 Bg4 8. Be2 Bg7 9. h3 Bf5 10. Be3 0-0 11. 0-0 Re8 12. Re1 Qd7 13. Bf4 Ne4 14. Nb5 Rac8 15. a3 a6 16. Nc3 Nxc3 17. bxc3 Re4 18. Bg3 Rce8 19. Bf1 Rxe1 20. Nxe1 Be4 21. Bd3 b6 22. cxb6 cxb6 23. Bxa6 Na5 24. a4 Qc6 25. Bb5 Qc8 26. Bxe8 Qxe8 27. Nd3 Qc6 28. Rc1 Bxd3 29. Qxd3 Qxa4 30. Rb1 b5 31. Qxb5 1-0